000 00623nam a2200145 a 4500
008 131004s2008 ||||||||||||||||| || u
020 _a9780751746617
050 _aHJ 2240 Ass
110 _aAssociation of Chartered Certified Accountants (ACCA)
245 1 0 _aACCA pass cards: paper F6: taxation FA 2007 for exams in 2008
_cby Association of Chartered Certified Accountants
260 _aLondon:
_bBPP Learning Media Ltd
_c2008
300 _av, 153p.: ill.
650 _aREVENUE--TAXATION
995 _FCBU-MAIN LIBRARY (Kitwe)
_M1
_UAVAILABLE
_WOct 30, 2013
_ZShort Loan Collection
999 _c33233
_d33233